Biblioteka Instytutu Północnego w Olsztynie

Widok standardowy Widok MARC

Pozycja Personal Name

Liczba rekordów, w których użyto hasła: 1

001 - Numer kontrolny

  • control field: 40361

003 - Identyfikator numeru kontrolnego

  • control field: NUKAT

005 - Data i czas ostatniej modyfikacji

  • control field: 20260421130705.0

008 - Dane kontrolne kodowane (40 znaków)

  • fixed length control field: 950224n||a|znnaabn |a aaa |c

010 ## - Numer kontrolny Biblioteki Kongresu

  • numer kontrolny LC: n 95001096

024 7# - OTHER STANDARD IDENTIFIER

  • Standard number or code: 0000-0003-3308-8056
  • Source of number or code: orcid

024 7# - OTHER STANDARD IDENTIFIER

  • Standard number or code: 60752306
  • Source of number or code: viaf

024 7# - OTHER STANDARD IDENTIFIER

  • Standard number or code: 0000000031692557
  • Source of number or code: isni

040 ## - Instytucja sporządzająca rekord

  • inst. przygot. dane do rek. khw: WA U/JL
  • język haseł przedmiotowych/tezaurus: kaba
  • inst. wprow. rek. khw: WA U/JL
  • inst. modyf. rek. khw: WA N/PBza
  • inst. modyf. rek. khw: WA U/JU
  • inst. modyf. rek. khw: KR 7/MN

100 1# - Hasło - nazwa osobowa

  • nazwa osobowa w formie ujednoliconej: Tendera-Właszczuk, Helena.

400 1# - Trop zob. - nazwa osobowa

  • nazwa osobowa (nazwisko, imiona): Właszczuk, Helena Tendera-.

400 1# - Trop zob. - nazwa osobowa

  • nazwa osobowa (nazwisko, imiona): Właszczuk, Helena.

670 ## - Źródło informacji

  • źródło informacji: INP'93

670 ## - Źródło informacji

  • źródło informacji: Kp. Wspólna Europa - problemy nowej, rozszerzonej Europy / pod red. Heleny Tendery-Właszczuk. - Katowice, 2005

670 ## - Źródło informacji

  • źródło informacji: OPI online, 18.09.2019
  • gdzie znaleziono informację: (Helena Ewa Tendera-Właszczuk)
Biblioteka Instytutu Północnego, ul. Partyzantów 87, 10-402 Olsztyn, email: biblioteka(at)ip.olsztyn.pl